Player of the Match - Fußball-Europameisterschaft 2024 - Statistiken

Allgemein
  • Dieses Quiz wurde 142 mal gespielt
    62 seit der letzten Aktualisierung
  • Das Durchschnittsergebnis liegt bei 18 aus 51
Antwortstatistiken
Spiel Player of the Match % Korrekt
Deutschland - Schottland 5-1 Jamal Musiala
94%
Spanien - Frankreich 2-1 Lamine Yamal
86%
Serbien - England 0-1 Jude Bellingham
78%
England - Slowakei 2-1 n. V. Jude Bellingham
78%
Spanien - Deutschland 2-1 n. V. Dani Olmo
67%
Spanien - Italien 1-0 Nico Williams
65%
Spanien - England 2-1 Nico Williams
65%
Türkei - Georgien 3-1 Arda Güler
61%
Ungarn - Schweiz 1-3 Granit Xhaka
57%
Schweiz - Deutschland 1-1 Granit Xhaka
57%
Spanien - Kroatien 3-0 Fabián Ruiz
55%
Kroatien - Italien 1-1 Luka Modrić
55%
Polen - Niederlande 1-2 Cody Gakpo
53%
Rumänien - Niederlande 0-3 Cody Gakpo
53%
Spanien - Georgien 4-1 Rodri
47%
Deutschland - Ungarn 2-0 İlkay Gündoğan
43%
Belgien - Rumänien 2-0 Kevin De Bruyne
43%
Ukraine - Belgien 0-0 Kevin De Bruyne
43%
Niederlande - Österreich 2-3 Marcel Sabitzer
43%
Georgien - Portugal 2-0 Khvicha K'varatskhelia
37%
Türkei - Portugal 0-3 Bernardo Silva
35%
Slowenien - Dänemark 1-1 Christian Eriksen
33%
Dänemark - Serbien 0-0 Christian Eriksen
33%
Österreich - Frankreich 0-1 N'Golo Kanté
31%
Niederlande - Frankreich 0-0 N'Golo Kanté
31%
Polen - Österreich 1-3 Christoph Baumgartner
29%
Niederlande - England 1-2 Ollie Watkins
29%
Schweiz - Italien 2-0 Ruben Vargas
29%
Deutschland - Dänemark 2-0 Antonio Rüdiger
25%
England - Schweiz 1-1 n. V. (5-3 i. E.) Bukayo Saka
25%
Portugal - Frankreich 0-0 n. V. (3-5 i. E.) Ousmane Dembélé
25%
Albanien - Spanien 0-1 Ferran Torres
24%
Österreich - Türkei 1-2 Merih Demiral
24%
Portugal - Slowenien 0-0 n. V. (3-0 i E.) Diogo Costa
22%
Italien - Albanien 2-1 Federico Chiesa
22%
Rumänien - Ukraine 3-0 Nicolae Stanciu
22%
Kroatien - Albanien 2-2 Andrej Kramarić
20%
Schottland - Schweiz 1-1 Manuel Akanji
14%
Tschechische Republik - Türkei 1-2 Barış Alper Yılmaz
12%
Georgien - Tschechische Republik 1-1 Giorgi Mamardashvili
12%
Portugal - Tschechische Republik 2-1 Vitinha
10%
Frankreich - Belgien 1-0 Jules Koundé
8%
Frankreich - Polen 1-1 Łukasz Skorupski
8%
Schottland - Ungarn 0-1 Roland Sallai
8%
Belgien - Slowakei 0-1 Stanislav Lobotka
8%
Slowakei - Rumänien 1-1 Stanislav Lobotka
8%
Niederlande - Türkei 2-1 Stefan de Vrij
8%
Dänemark - England 1-1 Pierre-Emile Højbjerg
6%
Slowakei - Ukraine 1-2 Mykola Shaparenko
4%
Slowenien - Serbien 1-1 Žan Karničnik
4%
England - Slowenien 0-0 Adam Gnezda Čerin
2%
Keine übereinstimmenden Quizze gefunden
Verteilung der Resultate
Anzahl Personen mit jedem Resultat
Perzentil nach korrekt beantworteten Fragen
Ihre Resultats-Entwicklung
Sie haben dieses Quiz seit der letzten Aktualisierung nicht gespielt